Managing organizational behavior: achieving results through understanding and action
Furkejuvvon:
| Váldodahkki: | |
|---|---|
| Materiálatiipa: | Girji |
| Giella: | eaŋgalasgiella |
| Almmustuhtton: |
Homewood
Richard D. Irwin
1980
|
| Fáttát: | |
| Fáddágilkorat: |
Lasit fáddágilkoriid
Eai fáddágilkorat, Lasit vuosttaš fáddágilkora!
|
MARC
| LEADER | 00000nam a2200000 a 4500 | ||
|---|---|---|---|
| 001 | UCW8755 | ||
| 003 | CL-VaPUC | ||
| 008 | 881026e19800000US |||||||||||||||||eng|d | ||
| 082 | 0 | 4 | |a 658.4 |b GIB |2 21 |
| 100 | 0 | |a Gibson, Cyrus F |e author |9 314018 | |
| 245 | 1 | 0 | |a Managing organizational behavior: achieving results through understanding and action |
| 300 | |a 668 p | ||
| 942 | |c BK | ||
| 945 | |d 19881026 00:00:00 | ||
| 260 | |a Homewood |b Richard D. Irwin |c 1980 | ||
| 650 | 7 | |a CONDUCTA ORGANIZACIONAL |2 CL-VaPUC |9 263671 | |
| 650 | 0 | |a Administración |9 259325 | |
| 583 | |a last modification |c 19881026 00:00:00 |k Rodrigo Vera | ||
| 999 | |c 221035 |d 221033 | ||
| 952 | |0 0 |1 0 |4 0 |6 658_400000000000000_GIB_1980 |7 0 |8 P |9 213949 |a BIBENE |b BIBENE |d 2019-11-15 |i 2822989 |o 658.4 GIB 1980 |p 2822989 |r 2025-01-15 |w 2019-11-15 |y BK |k ICO | ||